Luces y sombras del Tratado Constitucional Europeo

Detalles Bibliográficos
Autor principal: Figueruelo Burrieza, ℓngela
Formato: Desconocido
Lenguaje:español
Publicado: [Madrid] : Dykinson, 2006
Materias:
Acceso en línea:Acceso restringido

MARC

LEADER 00000ny a22000003n 4500
005 20110520131248.0
008 080630s2006 sp s 000 0 spa c
020 |a 8497729587 
035 |a 1832 
040 |a UMA.RE  |d vLex 
080 |a 342.4(4-672 UE)(0.034) 
090 |c 106  |d 106 
100 |a Figueruelo Burrieza, ℓngela 
245 1 0 |a Luces y sombras del Tratado Constitucional Europeo  |h [Recurso electrn̤ico]  |c ℓngela Figueruelo Burrieza 
256 |a Servicio en ln̕ea 
260 |a [Madrid] :  |b Dykinson,  |c 2006 
506 1 |a Contenido solo disponible en los productos indicados  |d vLex Global  |d vLex Global (Academic Edition, excluding Law Schools)  |d vLex Global (U.S. Academic Edition, Law Schools)  |d vLex Global (U.S. Academic Edition, excluding Law Schools)  |d vLex Global (Academic Edition, Law Schools) 
650 0 7 |a Dinero electrn̤ico  |2 Tesauro vLex 
650 0 7 |a Nuevas tecnologa̕s  |2 Tesauro vLex 
740 0 |a vLex Libros (Servicios en ln̕ea) 
856 4 0 |u http://vlex.com/source/1832  |z Acceso restringido 
942 |c BOOK 
999 0 |a Constitutions  |v En ln̕ea  |b Euopean